Statistics for Lady Gaga & Ariana Grande "Rain on me" lyrics

Click here to take the quiz!

General Stats

  • This quiz has been taken 268 times
  • The average score is 315 of 350

Answer Stats

HintAnswer% Correct
a
100%
Pre-chorus | Verse 1I
100%
i
100%
me
100%
me)
100%
(me)
100%
me?
100%
on
100%
(on)
100%
(rain)
100%
Post-choros | Post-chorusRain
100%
(rain
100%
rain
100%
i'm
97%
I'm
97%
(at
96%
at
96%
least
96%
be
95%
but
94%
alive)
93%
alive
93%
you
93%
down
92%
oh
92%
the
92%
to
92%
yeah
92%
(Lady Gaga) | (both)rather
90%
comin'
89%
Chorusi'd
89%
chorusI'd
89%
it
89%
mmm
89%
for
87%
(it's
87%
It's
87%
Pre-chorusit's
87%
no
87%
ooh
87%
ask
86%
eh
86%
good
86%
Ariana Grandein
86%
show
86%
time
86%
woo)
86%
only
85%
real
85%
up
85%
(Lady Gaga)coming
84%
free
84%
my
84%
ride
84%
we
84%
dry
82%
try
82%
asked
81%
(Lady Gaga)didn't
81%
like
81%
misery
80%
misery)
80%
never
80%
not
77%
all
76%
i'll
76%
galaxy
75%
innocent
75%
rainfall
75%
showed
75%
sky
75%
your
75%
where
73%
world
73%
fly
72%
hands
72%
BridgeHands
72%
about
71%
oh
71%
one's
71%
skin
71%
feel
70%
(both)can
69%
nothing
69%
(water
69%
water
69%
Verse 2livin'
68%
mind
68%
ready
68%
face
67%
lose
67%
so
66%
teardrops
66%
keep
65%
let
65%
don't
64%
truth
64%
gotta
63%
tsunami
63%
wash
63%
baby
62%
away
61%
bottled
58%
sins
57%
won't
57%
live
56%
thunder
54%
(both)hear
53%
babe)
18%

Score Distribution

Percentile by Number Answered

Percent of People with Each Score

Your Score History

You have not taken this quiz